000 01181nam a2200253Ia 4500
001 19370
003 GE_BSU
008 181216s||||||||xx |||||||||||||| ||und||
040 _cGE_BSU
080 _a622.2(075.8) + 550.8(075.8)
100 _aხუროშვილი, ვ.
245 _aსაძიებო გვირაბების გაყვანა
245 _b[სახელმძღვ. პოლიტექნ. ინ-ტის გეოლოგიური სპეც. სტუდენტებისათვის]
245 _cრედ: ლ.ლაბარტყავა
260 _aთბილისი
260 _bგანათლება
260 _c1980
300 _a407გვ; ილ;21სმ.
300 _bლიტ. სია: გვ.403-404
653 _aინჟინერია
653 _aსაძიებო გვირაბების გაყვანა
653 _aსაძიებო გვირაბების გაყვანა - სახელმძღვანელოები უმაღლესი სასწავლებლებისათვის
942 _cBK
999 _c52352
_d52352